Catálogo

EL PODERIO DE LAS NACIONES : (Registro nro. 12726)

Detalles MARC
000 -LEADER
fixed length control field 00492nam a2200181 a 4500
001 - CONTROL NUMBER
control field 12726
005 - DATE AND TIME OF LATEST TRANSACTION
control field 20180713201026.0
008 - FIXED-LENGTH DATA ELEMENTS--GENERAL INFORMATION
fixed length control field 140415s1986 000 0 spa d
041 ## - LANGUAGE CODE
Language code of text/sound track or separate title spa
082 ## - DEWEY DECIMAL CLASSIFICATION NUMBER
Classification number 320
Item number STO
100 1# - MAIN ENTRY--PERSONAL NAME
Personal name STAESSINGER, JOHN G.
245 13 - TITLE STATEMENT
Title EL PODERIO DE LAS NACIONES :
Remainder of title POLITICA MUNDIAL
250 ## - EDITION STATEMENT
Edition statement 2a ed.
260 ## - PUBLICATION, DISTRIBUTION, ETC.
Place of publication, distribution, etc. [s.l.] :
Name of publisher, distributor, etc. GERNIKA,
Date of publication, distribution, etc. 1986
300 ## - PHYSICAL DESCRIPTION
Extent 509
650 14 - SUBJECT ADDED ENTRY--TOPICAL TERM
Topical term or geographic name entry element CIENCIAS POLITICAS
700 1# - ADDED ENTRY--PERSONAL NAME
Personal name RAMOS, MARIA DE LOS ANGELES G.
Relator term tr.
Existencias
Withdrawn status Lost status Source of classification or shelving scheme Damaged status Not for loan Collection code Home library Current library Shelving location Date acquired Source of acquisition Inventory number Total Checkouts Full call number Barcode Date last seen Price effective from Koha item type
    Dewey Decimal Classification     General Biblioteca Karol Wojtyla Biblioteca Karol Wojtyla Sala general 03/12/2013 Compra 151000000000000000052849   320 STO 29206 05/01/2026 03/12/2013 Libro